000 00819nam a22001817a 4500
005 20250205204535.0
008 240827b ||||| |||| 00| 0 eng d
082 _aDPer 155.205 J826 July-September 2019 v. 117 n. 1-3
100 _aVial, Andrea C.
_eauthor.
_958919
245 _aThird party prejudice accommodation increases gender discrimination ?
_cAndrea C. Vial, Victoria L. Brescoll, and John F. Dovidio.
260 _aWashington ;
_bAmerican Psychological Association,
_cJuly 2019.
300 _aVolume 117, pages 73-78,
_billustration.
500 _aJournal of Personality and Social Psychology vol. 117, no. 1, pages 73-98, July 2019.
700 _aVial, Andrea C.
_eauthor.
_958919
700 _aBrescoll, Victoria L.
_eauthor.
_958920
700 _aDovidio, John F.
_eauthor.
_958921
942 _2ddc
_cPER
999 _c20859
_d20859